| 000 | 00437nam a2200181Ia 4500 | ||
|---|---|---|---|
| 003 | OSt | ||
| 005 | 20240120120833.0 | ||
| 008 | 210210b1950 xxu||||| |||| 00| 0 eng d | ||
| 040 | _cAL | ||
| 041 | _aeng | ||
| 082 | _a822/625 | ||
| 100 |
_aJOHNSON (Samuel) _9148516 |
||
| 245 | _aProse and poetry: Wilson Ed | ||
| 260 |
_aOxford _bRupert Hart-Davis., _c1950 |
||
| 690 |
_aEnglish Prose _9148522 |
||
| 906 | _a012811 | ||
| 942 |
_2ddc _cBK |
||
| 999 |
_c131633 _d131633 |
||